[Event "ICS rated bullet match"]
[Site "204.178.125.65"]
[Date "2000.02.15"]
[Round "?"]
[White "Garrincha"]
[Black "Hossa"]
[Result "0-1"]
[WhiteElo "2145"]
[BlackElo "2434"]
[PlyCount "68"]

1. e4 e5 2. Nf3 Nc6 3. Bc4 Nf6 4. Qe2 Bc5 5. Ng5 d5 6. exd5 Nxd5 7. Nxf7 Kxf7
8. Qf3+ Ke6 9. Nc3 Ncb4 10. a3 Nxc2+ 11. Kd1 Nxa1 12. Bxd5+ Kd7 13. Qf5+ Kd6
14. Qf7 Qe7 15. Qxe7+ Kxe7 16. b4 Bxf2 17. Bb2 Bg4+ 18. Kc1 a5 19. b5 c6 20.
bxc6 bxc6 21. Ba2 Bc5 22. Bxa1 Bxa3+ 23. Bb2 Bxb2+ 24. Kxb2 Rhd8 25. Kc2 Bf5+
26. Kc1 a4 27. Bb1 Bxb1 28. Nxb1 a3 29. Nc3 a2 30. Nxa2 Rxa2 31. Kb1 Rdxd2 32.
Re1 Rdb2+ 33. Kc1 Rxg2 34. Rd1 Ra1# 0-1

[Event "ICS rated bullet match"]
[Site "204.178.125.65"]
[Date "2000.02.15"]
[Round "?"]
[White "Hossa"]
[Black "Garrincha"]
[Result "1-0"]
[WhiteElo "2439"]
[BlackElo "2140"]
[PlyCount "85"]

1. e4 e6 2. d4 d6 3. Bd3 Be7 4. Nf3 Nf6 5. O-O O-O 6. Bf4 Nbd7 7. Nbd2 c5 8. c3
cxd4 9. cxd4 b6 10. Rc1 Nh5 11. Be3 e5 12. Nxe5 dxe5 13. Qxh5 g6 14. Qh6 exd4
15. Bxd4 Nf6 16. Nf3 Bb7 17. Rfd1 Rc8 18. Bc4 b5 19. Bxf6 Bxf6 20. Rxd8 Rfxd8
21. Bxb5 Rb8 22. Ng5 Bxg5 23. Qxg5 Bxe4 24. Qe7 Rf8 25. a4 Bf5 26. Qxa7 Rbd8
27. b4 Rd2 28. a5 Bd3 29. Qe3 Re2 30. Qxd3 Rb2 31. Qa3 Rd2 32. Bf1 Rd5 33. Rc7
Re8 34. b5 Rf8 35. Qe7 Rc5 36. Qxc5 Kg7 37. Qxf8+ Kxf8 38. Bc4 Kg7 39. Rxf7+
Kh6 40. f4 Kh5 41. g4+ Kxg4 42. Be2+ Kh4 43. Rxh7# 1-0

[Event "ICS rated bullet match"]
[Site "204.178.125.65"]
[Date "2000.02.15"]
[Round "?"]
[White "Garrincha"]
[Black "Hossa"]
[Result "0-1"]
[WhiteElo "2135"]
[BlackElo "2444"]
[PlyCount "50"]

1. e3 e5 2. Nc3 Nf6 3. d4 exd4 4. exd4 Be7 5. Bd3 O-O 6. Nf3 Re8 7. O-O Nc6 8.
Bg5 Nb4 9. Be2 d6 10. a3 Nbd5 11. Nxd5 Nxd5 12. Bxe7 Qxe7 13. Re1 Bg4 14. Qd2
Qf6 15. c3 Nf4 16. Bd1 Re6 17. Rxe6 fxe6 18. Ne1 Bxd1 19. Rxd1 Rf8 20. Nf3 Qg6
21. g3 Qg4 22. Qe3 Nd5 23. Qd3 Rxf3 24. Qe2 Rxg3+ 25. Kf1 Rg1# 0-1

[Event "ICS rated bullet match"]
[Site "204.178.125.65"]
[Date "2000.02.15"]
[Round "?"]
[White "Hossa"]
[Black "Garrincha"]
[Result "1-0"]
[WhiteElo "2449"]
[BlackElo "2130"]
[PlyCount "35"]

1. e4 e5 2. Nf3 d6 3. d4 exd4 4. Nxd4 g6 5. Nc3 Bg7 6. Be3 Ne7 7. Bc4 O-O 8.
O-O a6 9. a4 Kh8 10. Qd2 Nbc6 11. Nxc6 bxc6 12. Rad1 f5 13. Bd4 c5 14. Bxg7+
Kxg7 15. e5 Bb7 16. exd6 cxd6 17. Qxd6 Qxd6 18. Rxd6 1-0

[Event "ICS rated bullet match"]
[Site "204.178.125.65"]
[Date "2000.02.15"]
[Round "?"]
[White "Hossa"]
[Black "Garrincha"]
[Result "1-0"]
[WhiteElo "2457"]
[BlackElo "2122"]
[PlyCount "49"]

1. e4 d6 2. d4 Nf6 3. Nc3 g6 4. f4 Bg7 5. Nf3 O-O 6. Bd3 Nc6 7. e5 dxe5 8. fxe5
Nd5 9. O-O Nxc3 10. bxc3 Be6 11. Qe2 Na5 12. c4 c6 13. c3 h6 14. Nd2 a6 15. a4
Rb8 16. Ba3 Qc7 17. Qf2 Rfd8 18. Qh4 b6 19. Bxe7 g5 20. Bxd8 Rxd8 21. Qe4 Qe7
22. Qh7+ Kf8 23. Rf2 c5 24. d5 Bc8 25. Bg6 1-0

[Event "ICS rated bullet match"]
[Site "204.178.125.65"]
[Date "2000.02.15"]
[Round "?"]
[White "Garrincha"]
[Black "Hossa"]
[Result "0-1"]
[WhiteElo "2118"]
[BlackElo "2461"]
[PlyCount "78"]

1. e3 e5 2. d4 exd4 3. exd4 d5 4. Nf3 Nf6 5. Bd3 Be7 6. O-O O-O 7. Bg5 Bg4 8.
Nbd2 Nc6 9. c3 Ne4 10. Bxe7 Qxe7 11. Re1 Bxf3 12. Nxf3 Rfe8 13. Qc2 b6 14. Nd2
Qf6 15. Nxe4 dxe4 16. Bxe4 g6 17. Bxc6 Qxc6 18. Qd2 Qd5 19. Rxe8+ Rxe8 20. b3
Qe6 21. Kf1 Qd6 22. g3 Qd5 23. Kg1 Qe4 24. Rd1 Qe2 25. Qxe2 Rxe2 26. Ra1 c6 27.
Kf1 Rc2 28. c4 Rd2 29. d5 cxd5 30. cxd5 Rxd5 31. Ke2 Rh5 32. h4 Ra5 33. a4 Re5+
34. Kf3 Rc5 35. Rd1 Rc3+ 36. Kf4 Rxb3 37. Rd7 Rb4+ 38. Kg5 Kg7 39. Rxa7 h6# 0-1

[Event "ICS rated bullet match"]
[Site "204.178.125.65"]
[Date "2000.02.15"]
[Round "?"]
[White "Hossa"]
[Black "Garrincha"]
[Result "1-0"]
[WhiteElo "2465"]
[BlackElo "2114"]
[PlyCount "43"]

1. e4 d6 2. d4 Bd7 3. Nf3 Nc6 4. Bf4 g6 5. d5 Nb8 6. Bd3 Bg7 7. Nc3 Nf6 8. O-O
O-O 9. Qd2 c6 10. Bh6 cxd5 11. Bxg7 Kxg7 12. exd5 Bg4 13. Nd4 Nbd7 14. Rae1 Ne5
15. f4 Nxd3 16. Qxd3 Bd7 17. f5 a6 18. Qe3 Re8 19. fxg6 hxg6 20. Qf4 b5 21. Ne4
Nxe4 22. Qxf7+ 1-0

[Event "ICS rated bullet match"]
[Site "204.178.125.65"]
[Date "2000.02.15"]
[Round "?"]
[White "Garrincha"]
[Black "Hossa"]
[Result "0-1"]
[WhiteElo "2110"]
[BlackElo "2469"]
[PlyCount "36"]

1. e4 e5 2. Nc3 Nf6 3. f4 d5 4. fxe5 Nxe4 5. d3 Nxc3 6. bxc3 c5 7. Be2 Qh4+ 8.
g3 Qa4 9. Nf3 Nc6 10. O-O Bh3 11. Rf2 Be7 12. Bd2 b6 13. d4 cxd4 14. cxd4 Nxd4
15. Nxd4 Qxd4 16. Bb5+ Kf8 17. Qf3 Qxa1+ 18. Bf1 Be6 0-1

[Event "ICS rated bullet match"]
[Site "204.178.125.65"]
[Date "2000.02.15"]
[Round "?"]
[White "Hossa"]
[Black "Garrincha"]
[Result "1-0"]
[WhiteElo "2473"]
[BlackElo "2106"]
[PlyCount "41"]

1. e4 e5 2. Nf3 Nc6 3. Bb5 f5 4. Nc3 fxe4 5. Nxe4 d5 6. Nxe5 dxe4 7. Nxc6 Qg5
8. Qe2 Nf6 9. f4 Qh4+ 10. g3 Qh3 11. Ne5+ c6 12. Bc4 h5 13. d3 h4 14. Bf7+ Kd8
15. Ng6 hxg3 16. Nxh8 Bg4 17. Qd2 Bc5 18. d4 g2 19. dxc5+ Kc8 20. Rg1 Qxh2 21.
Qxg2 1-0

[Event "ICS rated bullet match"]
[Site "204.178.125.65"]
[Date "2000.02.15"]
[Round "?"]
[White "Garrincha"]
[Black "Hossa"]
[Result "0-1"]
[WhiteElo "2103"]
[BlackElo "2476"]
[PlyCount "50"]

1. Nf3 d5 2. g3 Nf6 3. Bg2 c6 4. d3 e6 5. O-O Be7 6. c4 O-O 7. b3 b5 8. Bb2
bxc4 9. dxc4 c5 10. cxd5 exd5 11. Nc3 Re8 12. Rc1 Nc6 13. Na4 Ne4 14. Nd2 Nxd2
15. Qxd2 Bg4 16. Nxc5 Bxc5 17. Rxc5 Rxe2 18. Qc3 d4 19. Qc1 Nb4 20. Bxa8 Qxa8
21. Rd1 Bh3 22. f3 Nxa2 23. Qf4 Qe8 24. Rd5 Re1+ 25. Kf2 Qe2# 0-1

[Event "ICS rated bullet match"]
[Site "204.178.125.65"]
[Date "2000.02.15"]
[Round "?"]
[White "Hossa"]
[Black "Garrincha"]
[Result "1-0"]
[WhiteElo "2479"]
[BlackElo "2100"]
[PlyCount "49"]

1. e4 e5 2. Nf3 Nc6 3. Bb5 f5 4. Nc3 fxe4 5. Nxe4 d5 6. Nxe5 dxe4 7. Nxc6 Qg5
8. Qe2 Nf6 9. f4 Qh4+ 10. g3 Qh3 11. Ne5+ c6 12. Bc4 h5 13. d3 h4 14. Bf7+ Kd8
15. Ng6 hxg3 16. Nxh8 Bg4 17. Qd2 g2 18. Rg1 Qxh2 19. Qxg2 Qxg2 20. Rxg2 exd3
21. cxd3 Bb4+ 22. Bd2 Bxd2+ 23. Kxd2 Kc7 24. Ng6 Rd8 25. Ne5 1-0

[Event "ICS rated blitz match"]
[Site "204.178.125.65"]
[Date "2000.02.15"]
[Round "?"]
[White "Hossa"]
[Black "PostModernist"]
[Result "1-0"]
[WhiteElo "2422"]
[BlackElo "2572"]
[PlyCount "133"]

1. e4 c5 2. Nf3 d6 3. d4 Nf6 4. Nc3 cxd4 5. Nxd4 e6 6. g4 e5 7. Bb5+ Bd7 8.
Bxd7+ Qxd7 9. Nf5 h5 10. gxh5 Nxe4 11. Nxg7+ Bxg7 12. Nxe4 d5 13. h6 dxe4 14.
hxg7 Qxd1+ 15. Kxd1 Rg8 16. Rg1 Nc6 17. Be3 Ne7 18. Ke2 f6 19. Rg4 Nf5 20. Rag1
Kf7 21. Rxe4 Nxg7 22. h4 Rh8 23. Rb4 b6 24. Rc4 Nf5 25. Rh1 Rh5 26. Ra4 b5 27.
Rxa7+ Rxa7 28. Bxa7 Nxh4 29. b3 f5 30. c4 bxc4 31. bxc4 e4 32. Bb6 Ke6 33. Bd8
Ng2 34. Rxh5 Nf4+ 35. Ke3 Nxh5 36. a4 Kd7 37. Bb6 Kd6 38. Bd4 Kc6 39. a5 Kb7
40. c5 Kb8 41. Be5+ Kb7 42. Kd4 e3 43. fxe3 Kc6 44. a6 f4 45. Bb8 Ng7 46. Bxf4
Ne6+ 47. Kc4 Ng7 48. e4 Ne6 49. Bb8 Nd8 50. e5 Ne6 51. a7 Kb7 52. c6+ Ka8 53.
c7 Nxc7 54. Bxc7 Kxa7 55. Kb5 Kb7 56. Bb6 Kb8 57. Kc6 Kc8 58. e6 Kb8 59. Ba7+
Kc8 60. Be3 Kd8 61. Kd6 Ke8 62. e7 Kf7 63. Kd7 Kf6 64. e8=Q Kg7 65. Bd2 Kh7 66.
Qf7+ Kh8 67. Bc3# 1-0

[Event "ICS rated blitz match"]
[Site "204.178.125.65"]
[Date "2000.02.15"]
[Round "?"]
[White "MysticWarrior"]
[Black "Hossa"]
[Result "1-0"]
[WhiteElo "2648"]
[BlackElo "2445"]
[PlyCount "133"]

1. d4 d5 2. c4 e6 3. Nc3 Nf6 4. cxd5 exd5 5. Bg5 Be7 6. e3 O-O 7. Qc2 Nc6 8.
Qb3 Ne4 9. Bxe7 Nxe7 10. Nge2 Re8 11. Nxe4 dxe4 12. Ng3 Nd5 13. Bc4 c6 14. O-O
g6 15. h3 Qd6 16. Rac1 b6 17. Qc2 Nf6 18. Bb3 Bb7 19. Rfd1 Rac8 20. Bc4 a6 21.
a3 a5 22. Kf1 Re7 23. Rd2 c5 24. dxc5 Qxc5 25. Qc3 Qg5 26. Qb3 Ba6 27. Rc3
Bxc4+ 28. Rxc4 Ree8 29. Rd6 a4 30. Rxa4 Rc1+ 31. Ke2 b5 32. Ra7 Rf8 33. Rd8 Rc4
34. Rxf8+ Kxf8 35. Rb7 Qc5 36. Rxb5 Qc7 37. Rb7 Qc5 38. Nf1 Qd5 39. Nd2 Rc5 40.
Qxd5 Rxd5 41. b4 Rg5 42. Nc4 Rxg2 43. Nd6 Nh5 44. Nxe4 f5 45. Nd6 h6 46. b5 Rh2
47. b6 Ng3+ 48. Kd3 Rxf2 49. Rf7+ Kg8 50. b7 Rb2 51. Re7 Ne4 52. Nxe4 Kf8 53.
Rc7 fxe4+ 54. Kxe4 Ke8 55. Rc8+ Kd7 56. b8=Q Rxb8 57. Rxb8 Ke6 58. Rb6+ Kf7 59.
a4 Ke7 60. a5 Kd7 61. a6 Kc7 62. Rb2 g5 63. a7 g4 64. a8=Q Kd6 65. Rb6+ Ke7 66.
Qa7+ Kd8 67. Rb8# 1-0

[Event "ICS rated blitz match"]
[Site "204.178.125.65"]
[Date "2000.02.15"]
[Round "?"]
[White "Hossa"]
[Black "DiepX"]
[Result "0-1"]
[WhiteElo "2437"]
[BlackElo "2596"]
[PlyCount "164"]

1. e4 e5 2. Nf3 Nc6 3. Bb5 a6 4. Ba4 Nf6 5. O-O Be7 6. Re1 b5 7. Bb3 d6 8. c3
O-O 9. h3 Na5 10. Bc2 c5 11. d4 Qc7 12. Nbd2 cxd4 13. cxd4 Nc6 14. Nb3 a5 15.
Be3 a4 16. Nbd2 Bd7 17. Rc1 Rfc8 18. d5 Nb4 19. Bb1 Qxc1 20. Qxc1 Rxc1 21. Rxc1
a3 22. bxa3 Rxa3 23. Rc7 Bd8 24. Rb7 Be8 25. Nh4 Nxa2 26. Rb8 Be7 27. Nf5 Kf8
28. Bg5 Nc3 29. Bd3 Ra1+ 30. Kh2 Rd1 31. Bc2 Rc1 32. Bxf6 gxf6 33. Bb3 Re1 34.
Rb7 Re2 35. Nf1 Bd8 36. Nxd6 Nxe4 37. Nxe4 Rxe4 38. Ne3 Rd4 39. Kg1 Rd2 40. Nf5
Rd3 41. Rb8 Be7 42. Nxe7 Kxe7 43. Bc2 Rxd5 44. Bxh7 Rd1+ 45. Kh2 Bc6 46. h4 Rd4
47. Kg3 Bd7 48. Rb7 Kd6 49. Rb6+ Bc6 50. Rb8 Ra4 51. Rf8 Ke7 52. Rb8 Ra3+ 53.
Kh2 Ra2 54. Kg1 Ra4 55. h5 Rg4 56. Rg8 Rh4 57. Bd3 Rxh5 58. Rb8 e4 59. Be2 Rc5
60. Bg4 f5 61. Bh3 f4 62. Rc8 Rc1+ 63. Kh2 e3 64. fxe3 fxe3 65. Bg4 f5 66. Be2
Kd7 67. Rg8 Rc2 68. Rg7+ Kd6 69. Rg6+ Kc5 70. Bd3 Bd5 71. Kg1 Rd2 72. Bxb5 Kxb5
73. Kf1 Bxg2+ 74. Kg1 Bf3 75. Rf6 Rg2+ 76. Kh1 Rg5+ 77. Kh2 e2 78. Re6 f4 79.
Rxe2 Bxe2 80. Kh3 Rg6 81. Kh4 Bf3 82. Kh3 Rh6# 0-1

[Event "ICS rated blitz match"]
[Site "204.178.125.65"]
[Date "2000.02.15"]
[Round "?"]
[White "Hossa"]
[Black "Beadle"]
[Result "0-1"]
[WhiteElo "2428"]
[BlackElo "2561"]
[PlyCount "104"]

1. e4 c5 2. Nf3 e6 3. d4 cxd4 4. Nxd4 Nc6 5. Nb5 d6 6. c4 Nf6 7. N1c3 a6 8. Na3
d5 9. exd5 exd5 10. cxd5 Nb4 11. Be2 Bc5 12. Be3 Bxe3 13. Qa4+ Nd7 14. Qxb4 Bc5
15. Qe4+ Kf8 16. O-O Nf6 17. Qc4 Qe7 18. Rae1 b5 19. Qb3 b4 20. Bf3 Bxf2+ 21.
Kxf2 Qa7+ 22. Re3 bxc3 23. Qxc3 Bg4 24. Qc4 Bxf3 25. Kxf3 Rd8 26. Rd1 h5 27. g3
Qb7 28. Rb3 Qa8 29. Rb6 Nd7 30. Qb4+ Kg8 31. Rd6 Nf6 32. Nc4 Re8 33. Rxf6 gxf6
34. Nd6 Re5 35. Qf4 Qd8 36. Ne4 Kg7 37. Nc3 Qb6 38. b3 Rc8 39. Na4 Qb5 40. Qd2
Rf5+ 41. Kg2 Rxd5 42. Qe1 Rc2+ 43. Kg1 Qb7 44. Rxd5 Qxd5 45. Qf2 Rc1+ 46. Qf1
Qd4+ 47. Kg2 Qe4+ 48. Kf2 Rc2+ 49. Kg1 Qe3+ 50. Kh1 Qd2 51. Qg1 Qd5+ 52. Qg2
Qxg2# 0-1

[Event "ICS rated blitz match"]
[Site "204.178.125.65"]
[Date "2000.02.15"]
[Round "?"]
[White "PostModernist"]
[Black "Hossa"]
[Result "1-0"]
[WhiteElo "2549"]
[BlackElo "2418"]
[PlyCount "151"]
[EventDate "2000.??.??"]

1. e4 e5 2. Nf3 Nc6 3. Bb5 Nf6 4. Nc3 a6 5. Ba4 b5 6. Bb3 Bc5 7. O-O b4 8. Na4
Ba7 9. d3 O-O 10. a3 a5 11. axb4 axb4 12. Qe1 d6 13. Bg5 Bg4 14. Bd5 Qd7 15.
Bxf6 gxf6 16. Nh4 Be6 17. Kh1 Bxd5 18. exd5 Nd4 19. Qd1 b3 20. cxb3 Rfb8 21.
Nc3 f5 22. Ra3 f6 23. f4 Rb4 24. Qh5 Nc2 25. Ra4 Rxa4 26. bxa4 Ne3 27. Rf3 exf4
28. Rxf4 Qe8 29. Qxe8+ Rxe8 30. g3 Nd1 31. Nxd1 Re1+ 32. Kg2 Rxd1 33. Rc4 Bb6
34. b4 f4 35. a5 Rd2+ 36. Kh3 Bf2 37. Rxf4 Rb2 38. Rg4+ Kf8 39. Rc4 Be1 40.
Rxc7 Bxb4 41. a6 Bc5 42. a7 Bxa7 43. Rxa7 Rb5 44. Ng2 Rxd5 45. Nf4 Re5 46. Rxh7
Ke8 47. Nh5 f5 48. Kh4 Kf8 49. Kg5 Ke8 50. Nf6+ Kd8 51. Rd7+ Kc8 52. Rxd6 Re2
53. h4 Rg2 54. Nh5 Rf2 55. d4 Kb7 56. d5 Rf3 57. Rf6 Rd3 58. Rxf5 Re3 59. Rf7+
Kb6 60. d6 Rd3 61. d7 Kc6 62. g4 Rxd7 63. Rxd7 Kxd7 64. Nf6+ Ke6 65. h5 Ke5 66.
h6 Kd6 67. h7 Ke5 68. h8=Q Kd4 69. Kf5 Kd3 70. Qc8 Ke3 71. Qc2 Kf3 72. Ne4 Ke3
73. Qc3+ Ke2 74. Qd4 Ke1 75. Qd2+ Kf1 76. Qf2# 1-0

[Event "ICS Rated bullet match"]
[Site "204.178.125.65"]
[Date "2000.02.15"]
[Round "?"]
[White "Kair"]
[Black "Hossa"]
[Result "1-0"]
[WhiteElo "2193"]
[BlackElo "2482"]
[PlyCount "73"]

1. e4 e5 2. Nf3 Nc6 3. Bb5 Nf6 4. O-O Bc5 5. c3 O-O 6. d4 Bb6 7. Bg5 exd4 8.
Bxc6 dxc3 9. Nxc3 dxc6 10. Qxd8 Rxd8 11. e5 h6 12. Bh4 g5 13. Nxg5 hxg5 14.
Bxg5 Rd5 15. Bxf6 Rd2 16. b3 Bd4 17. Ne4 Re2 18. Rae1 Rxa2 19. e6 Bxe6 20. Bxd4
Bxb3 21. Re3 c5 22. Nf6+ Kh8 23. Rh3+ Kg7 24. Rg3+ Kh8 25. Be5 Bc4 26. Ne8+ Kh7
27. Rg7+ Kh8 28. Rg4+ Kh7 29. Nf6+ Kh8 30. Rxc4 b6 31. Nd5+ f6 32. Bxf6+ Kg8
33. Rg4+ Kf7 34. Re1 c6 35. Re7+ Kf8 36. Bg7+ Kg8 37. Nf6# 1-0

[Event "ICS Rated blitz match"]
[Site "204.178.125.65"]
[Date "2000.02.15"]
[Round "?"]
[White "Hossa"]
[Black "MissSilicon"]
[Result "0-1"]
[WhiteElo "2408"]
[BlackElo "2647"]
[PlyCount "112"]
[EventDate "2000.??.??"]

1. e4 e5 2. Nf3 Nf6 3. Nxe5 d6 4. Nxf7 Kxf7 5. d4 Bg4 6. Bc4+ d5 7. Bxd5+ Qxd5
8. exd5 Bxd1 9. Kxd1 Nxd5 10. c4 Nb4 11. Be3 c5 12. d5 Nd7 13. a3 Nd3 14. Kc2
N3e5 15. Nd2 b5 16. b3 bxc4 17. bxc4 Nb6 18. Kc3 g6 19. f4 Ng4 20. Kd3 Nxe3 21.
Kxe3 Bg7 22. Rab1 Rab8 23. Kf3 Bd4 24. Rhc1 Na4 25. Ne4 Bb2 26. Re1 Rb3+ 27.
Kg4 Rhb8 28. Ng5+ Kg8 29. Re7 Nb6 30. Nxh7 Nxc4 31. Kg5 R3b6 32. Rbe1 Bg7 33.
Rxg7+ Kxg7 34. Re7+ Kh8 35. Rxa7 R6b7 36. Rxb7 Rxb7 37. Nf8 Rb2 38. Nxg6+ Kg7
39. Nh4 Nxa3 40. h3 c4 41. Nf5+ Kh7 42. Nd4 c3 43. d6 Nb5 44. Ne6 Nxd6 45. Nd4
Nb5 46. Nf5 Rxg2+ 47. Kh4 Nd6 48. Ne3 Re2 49. Nf1 c2 50. Ng3 Nf5+ 51. Nxf5 c1=Q
52. Kg4 Re4 53. h4 Qxf4+ 54. Kh3 Qg4+ 55. Kh2 Re2+ 56. Kh1 Qg2# 0-1

[Event "ICC 3 0"]
[Site "Internet Chess Club"]
[Date "2000.02.15"]
[Round "?"]
[White "Kair"]
[Black "Hossa"]
[Result "1-0"]
[WhiteElo "2489"]
[BlackElo "2392"]
[PlyCount "123"]
[EventDate "2000.??.??"]

1. e4 e5 2. Nf3 Nc6 3. Bb5 Nf6 4. O-O Bc5 5. c3 O-O 6. d4 Bb6 7. Bg5 exd4 8. e5
h6 9. exf6 hxg5 10. fxg7 Kxg7 11. cxd4 g4 12. Nfd2 Qh4 13. g3 Qh3 14. Re1 Rh8
15. Nf1 Nxd4 16. Be2 d5 17. Nc3 c6 18. Na4 Nxe2+ 19. Qxe2 Ba5 20. Qe5+ Kg6 21.
Qd6+ f6 22. b4 Bd8 23. Nc5 Bf5 24. Rad1 Bb6 25. Ne6 Bxe6 26. Rxe6 Raf8 27. b5
Rf7 28. bxc6 bxc6 29. Qxc6 d4 30. Qe4+ Kg7 31. Rc1 Rh5 32. Rc8 Rc5 33. Rxc5
Bxc5 34. Qf5 Bf8 35. Re4 Kh8 36. Rxd4 a6 37. Qe6 Rg7 38. Qxf6 Be7 39. Qxa6 Kh7
40. Ne3 Qh5 41. Qe6 Qg6 42. Qxg6+ Rxg6 43. Rd7 Rg7 44. Nf5 Bf6 45. Rxg7+ Bxg7
46. Nxg7 Kxg7 47. a4 Kf6 48. a5 Ke7 49. a6 Kd6 50. a7 Kc5 51. a8=Q Kd4 52. Qa4+
Ke5 53. Qxg4 Kd5 54. Qe2 Kd4 55. h4 Kd5 56. h5 Kc5 57. h6 Kd5 58. h7 Kd6 59.
h8=Q Kc6 60. Qc8+ Kd5 61. Qee6+ Kd4 62. Qcc4# 1-0

[Event "ICC 5 0"]
[Site "Internet Chess Club"]
[Date "2000.02.15"]
[Round "?"]
[White "ljb"]
[Black "Hossa"]
[Result "0-1"]
[WhiteElo "2241"]
[BlackElo "2390"]
[PlyCount "70"]

1. e4 e5 2. Nf3 Nc6 3. c3 Nf6 4. d3 d5 5. exd5 Qxd5 6. Be2 Bg4 7. h3 Be6 8. O-O
O-O-O 9. Be3 Bf5 10. d4 e4 11. Nfd2 Rd7 12. Nb3 Be6 13. N1d2 Qf5 14. Bc4 Bxc4
15. Nxc4 Bd6 16. Qe2 Re8 17. Nxd6+ cxd6 18. Rfe1 g5 19. g4 Qg6 20. c4 Qh6 21.
Kg2 Qh4 22. Rad1 h5 23. c5 Rh8 24. Rh1 d5 25. Rdg1 Rh6 26. a3 Rh8 27. Nd2 Nd8
28. f3 Ne6 29. fxe4 Nxe4 30. Nxe4 dxe4 31. Rf1 Nxd4 32. Bxd4 Rxd4 33. Rxf7 hxg4
34. Qxg4+ Qxg4+ 35. hxg4 Rd2+ 0-1

[Event "ICC 5 0"]
[Site "Internet Chess Club"]
[Date "2000.02.15"]
[Round "?"]
[White "Hossa"]
[Black "ljb"]
[Result "1-0"]
[WhiteElo "2400"]
[BlackElo "2231"]
[PlyCount "133"]

1. e4 e6 2. d4 d5 3. Nc3 Nf6 4. e5 Nfd7 5. f4 c5 6. Nf3 Nc6 7. Be3 a6 8. Qd2 c4
9. f5 Be7 10. O-O-O O-O 11. Be2 b5 12. fxe6 fxe6 13. Rdf1 b4 14. Nd1 Qa5 15.
Kb1 Nb6 16. Ng5 Bd7 17. g4 Na4 18. h4 Rab8 19. Ka1 b3 20. Qxa5 Nxa5 21. cxb3
cxb3 22. Rxf8+ Bxf8 23. Bd3 h6 24. Bd2 Nc4 25. Bxc4 dxc4 26. Nf3 Bc6 27. Rf1
Be7 28. h5 Rf8 29. Nh2 Rxf1 30. Nxf1 Bf3 31. Nde3 Nb6 32. Ba5 Nd5 33. Nxd5 exd5
34. Nh2 Be2 35. axb3 cxb3 36. Bc7 Kf7 37. Bd6 Bg5 38. e6+ Kxe6 39. Bb8 Bf6 40.
Ba7 Be7 41. Bb8 Bd3 42. Nf3 Be2 43. Nh2 Bd6 44. Bxd6 Kxd6 45. Kb1 a5 46. Kc1 a4
47. Kd2 Ke6 48. Kc3 Kf6 49. Kd2 Kg5 50. Kxe2 a3 51. bxa3 b2 52. Nf3+ Kf4 53.
Nd2 Kg5 54. Kf3 Kf6 55. a4 Ke6 56. a5 Kd6 57. Ke3 Kc6 58. Kd3 Kb5 59. Kc3 Kxa5
60. Kxb2 Kb5 61. Kc3 Kc6 62. Nf1 Kd6 63. Ne3 Ke6 64. Kb4 Kf6 65. Kc5 Kg5 66.
Kxd5 Kf4 67. Ke6 1-0

[Event "ICC 5 0"]
[Site "Internet Chess Club"]
[Date "2000.02.15"]
[Round "?"]
[White "ljb"]
[Black "Hossa"]
[Result "1-0"]
[WhiteElo "2254"]
[BlackElo "2377"]
[PlyCount "139"]

1. d4 d5 2. c3 e6 3. Bf4 Bd6 4. Bxd6 cxd6 5. Nf3 Nc6 6. e3 e5 7. Bb5 Bg4 8. h3
Bxf3 9. Qxf3 Nge7 10. Bxc6+ bxc6 11. O-O O-O 12. b3 c5 13. Nd2 Qa5 14. Rfc1
cxd4 15. exd4 exd4 16. Qd3 dxc3 17. Qxc3 Qxc3 18. Rxc3 Rfc8 19. Rac1 Rxc3 20.
Rxc3 Rc8 21. Rxc8+ Nxc8 22. Nf3 Ne7 23. Kf1 Nc6 24. Ke2 Nb4 25. a3 Nc6 26. Ke3
Ne7 27. Nd4 a6 28. Kd3 f5 29. Kc3 a5 30. Nb5 Kf7 31. Nxd6+ Ke6 32. Nb7 Nc6 33.
b4 axb4+ 34. axb4 Ke5 35. b5 Nd4 36. Kb4 Nc2+ 37. Kc5 Ne1 38. Kc6 f4 39. Nc5 f3
40. gxf3 Nc2 41. b6 Nb4+ 42. Kc7 d4 43. b7 Kd5 44. b8=Q Kxc5 45. Qf8+ Kc4 46.
Qxg7 d3 47. Qxh7 d2 48. Qe4+ Kc3 49. Qe2 Nd3 50. h4 Kc2 51. h5 Kc1 52. h6 d1=Q
53. Qxd1+ Kxd1 54. h7 Kc2 55. h8=Q Nc5 56. Qe5 Na6+ 57. Kb6 Nb4 58. f4 Kd1 59.
Qd4+ Ke2 60. Qxb4 Kf3 61. f5 Ke2 62. f6 Kd3 63. f7 Ke2 64. f8=Q Kf1 65. Qfc5
Kg2 66. f4 Kf3 67. f5 Ke2 68. Qcc3 Kf1 69. Qbb2 Kg1 70. Qcc1# 1-0

[Event "ICS rated blitz match"]
[Site "204.178.125.65"]
[Date "2000.02.15"]
[Round "?"]
[White "Hossa"]
[Black "Bannon"]
[Result "1-0"]
[WhiteElo "2377"]
[BlackElo "2185"]
[PlyCount "95"]

1. e4 e5 2. Nf3 Nc6 3. Bb5 a6 4. Ba4 Nf6 5. O-O b5 6. Bb3 Be7 7. Re1 O-O 8. d4
d6 9. dxe5 dxe5 10. Bd5 Nxd5 11. exd5 Nb4 12. Rxe5 Bd6 13. Re1 Nxd5 14. Bg5 Qd7
15. Nbd2 h6 16. Bh4 Bb7 17. Ne4 Qg4 18. h3 Qg6 19. Nxd6 cxd6 20. c3 f5 21. a4
Nf4 22. Bg3 Nxh3+ 23. gxh3 f4 24. Qb3+ Kh8 25. Nh4 Qg5 26. c4 fxg3 27. Qxg3
Qxg3+ 28. fxg3 bxc4 29. Ng6+ Kh7 30. Nxf8+ Rxf8 31. Re7 Bc6 32. Rc7 Be4 33.
Rxc4 d5 34. Rc6 Rf3 35. Ra3 Rxa3 36. bxa3 Bd3 37. Rd6 Bc4 38. h4 Kg8 39. Rd7 h5
40. Kf2 Kh7 41. Kf3 Kg6 42. g4 hxg4+ 43. Kxg4 Kh6 44. Rd6+ Kh7 45. a5 Kh8 46.
Rd8+ Kh7 47. Kf5 Kh6 48. Rh8# 1-0

[Event "ICS rated blitz match"]
[Site "204.178.125.65"]
[Date "2000.02.15"]
[Round "?"]
[White "Beadle"]
[Black "Hossa"]
[Result "0-1"]
[WhiteElo "2573"]
[BlackElo "2385"]
[PlyCount "62"]

1. e4 e5 2. Nf3 Nc6 3. Bb5 Nf6 4. O-O Bc5 5. Nxe5 Nd4 6. Bc4 Qe7 7. Nxf7 d5 8.
Nxh8 Bg4 9. f3 Nxf3+ 10. Kh1 Nxh2 11. Bb5+ c6 12. Qe1 Nxf1 13. Bxf1 Nxe4 14. d4
Bd6 15. Ng6 hxg6 16. Kg1 Bg3 17. Qxg3 Nxg3 18. Bf4 Qb4 19. c3 Qxb2 20. Bxg3
Qxa1 21. Nd2 Qxc3 22. Nf3 Bxf3 23. gxf3 Qxf3 24. Bf2 Kd7 25. Bg2 Qd1+ 26. Bf1
Rf8 27. a3 Qf3 28. Bh4 Qxf1+ 29. Kh2 Rf3 30. Bg3 Rxa3 31. Bf4 Rh3# 0-1

[Event "ICS rated blitz match"]
[Site "204.178.125.65"]
[Date "2000.02.15"]
[Round "?"]
[White "Hossa"]
[Black "Beadle"]
[Result "0-1"]
[WhiteElo "2409"]
[BlackElo "2549"]
[PlyCount "118"]

1. e4 e5 2. Nf3 Nc6 3. Bb5 a6 4. Ba4 d6 5. O-O Bd7 6. d4 Nf6 7. Bg5 b5 8. Bb3
exd4 9. Nxd4 Nxd4 10. Qxd4 c5 11. Bxf6 gxf6 12. Qd5 c4 13. Bxc4 bxc4 14. Nc3
Rb8 15. Rab1 Rc8 16. Qd4 Rg8 17. Nd5 Be7 18. Rfe1 Bh3 19. g3 Rc5 20. Qd2 h5 21.
Qh6 Bg4 22. a3 Rg6 23. Qh7 Bf3 24. b4 Rb5 25. Re3 Bxe4 26. Nxe7 Qxe7 27. Qh8+
Kd7 28. f3 f5 29. a4 Re5 30. fxe4 f4 31. Rf3 fxg3 32. hxg3 h4 33. Qa8 Rxg3+ 34.
Rxg3 hxg3 35. Qxa6 Qh4 36. Qb7+ Kd8 37. Qb8+ Ke7 38. Qc7+ Kf8 39. Qxd6+ Kg8 40.
Qd2 Qxe4 41. Rf1 Qh4 42. c3 g2 43. Qxg2+ Rg5 44. Rf3 Qe1+ 45. Kh2 Rxg2+ 46.
Kxg2 f5 47. Rg3+ Kh7 48. a5 Qe2+ 49. Kg1 f4 50. Rg2 Qe1+ 51. Kh2 f3 52. Rg3
Qe2+ 53. Kh1 f2 54. Rg1 Qe3 55. Rg7+ Kxg7 56. Kg2 Qe1 57. Kg3 f1=Q+ 58. Kg4
Qg2+ 59. Kf5 Qee4# 0-1

[Event "ICS rated blitz match"]
[Site "204.178.125.65"]
[Date "2000.02.15"]
[Round "?"]
[White "Hossa"]
[Black "MrPeabody"]
[Result "0-1"]
[WhiteElo "2399"]
[BlackElo "2469"]
[PlyCount "162"]

1. e4 Nc6 2. d4 d5 3. Nc3 dxe4 4. d5 Ne5 5. Qd4 Ng4 6. Qxe4 N8f6 7. Qa4+ Bd7 8.
Bb5 e5 9. h3 Nh6 10. Nf3 Bd6 11. Bxh6 gxh6 12. O-O-O Qe7 13. Rhe1 a6 14. Bxd7+
Nxd7 15. Qg4 O-O-O 16. Qh5 Qf6 17. g3 Qg6 18. Qh4 Kb8 19. Rd2 Rhg8 20. Rde2 f6
21. Nd2 Bf8 22. Kb1 h5 23. Nf3 Bc5 24. Qe4 Nb6 25. Rd1 Qxe4 26. Nxe4 Be7 27.
Red2 Nc4 28. Re2 c6 29. Nc3 Bb4 30. Nd2 cxd5 31. Nxc4 dxc4 32. Nd5 Rd7 33. b3
cxb3 34. axb3 Rgd8 35. c4 b5 36. Rg1 Be7 37. Ra2 Kb7 38. Nxe7 Rxe7 39. c5 Rd4
40. Rc1 Rc7 41. h4 Rc6 42. Rcc2 Kc7 43. Kc1 Kd7 44. Rc3 Ke6 45. Ra5 Kd5 46. Ra2
f5 47. Rcc2 f4 48. gxf4 exf4 49. f3 Rd3 50. Rd2 Rxc5+ 51. Kd1 Rcc3 52. Rxa6
Rxd2+ 53. Kxd2 Rxf3 54. Rf6 Ke4 55. Rh6 Rxb3 56. Rxh5 f3 57. Rxh7 f2 58. Ke2
Rb2+ 59. Kf1 Kf3 60. Rf7+ Kg3 61. Rg7+ Kxh4 62. Rf7 b4 63. Rg7 b3 64. Rh7+ Kg4
65. Rb7 Kg3 66. Rg7+ Kf3 67. Rf7+ Ke3 68. Re7+ Kd3 69. Rd7+ Kc3 70. Rc7+ Kd4
71. Rd7+ Kc4 72. Rc7+ Kd5 73. Rd7+ Kc6 74. Rd1 Rc2 75. Ra1 b2 76. Ra6+ Kb5 77.
Ra2 b1=Q+ 78. Kg2 f1=Q+ 79. Kg3 Rc3+ 80. Kg4 Qbf5+ 81. Kh4 Q1f4# 0-1